000 01176njm a22002657a 4500
005 20100909101720.0
007 sd ammalaaahaa
008 100830t xxu||||| |||| 00| 0 eng d
028 _aN.55173
_bHis Master's Voice
035 _aGR-01565
040 _aSED
_cSED
100 _aBhosle,Asha
_918698
245 _aMera Saaya /
_csung by Asha Bhosle [and] Suchitra ; Music dtn by Madan Mohan ; Lyric by Raja Mehdi Ali Khan
_h[sound recording]:
246 _aमेरा साया /
260 _aDum Dum, India:
_bHis Master 's Voice
_c1966
300 _a1 sound disc [GramphoneRecording]:
_banalog,33.1/3 rpm
_c9.5 in.(MP)
_fGramphones Records
500 _aBrief Record
505 _aSide1 जुमका गिरा रे (Jumka gira re) (Asha Bhosle [and] Suchitra) Side 2 आप के पहलु में आ के (Aap ke pehlu mein aa kar) (Mohd Rafi [and] Suchitra).
650 _xExperts
_zIndia
_917446
_aMotion picture music
700 _aSuchitra
_918760
700 _aMohan,Madan
_919048
700 _aKhan,Raja Mehdi Ali
_919049
942 _2ddc
_cGR
999 _c44625
_d44625